00756nam a2200253Ia 4500003000900000008004100009040001300050040001300063041000800076100002200084100001000106245007100116250001000187260001000197260000900207300001100216300000900227300001000236490000600246700002800252942000700280999001700287952019800304IT-RoPAU120407s9999 xx 000 0 und d aIT-RoPAU cIT-RoPAU aita aGiorgio Papasogli ccoll. a"Per i più poveri. Vita del Beato Padre Luigi Scrosoppi d. o. " aUdine aS. E. c1981 a238 p. bill. c21 cm v1 aMaria Papàsogli-Zalum cBK c29919d29919 00102ddc406922_30000000000000071aPAULUSbPAULUSd2012-04-11l0o922.3r2012-04-11 00:00:00w2012-04-11yBKzInserito da: Mario In data: 19 settembre 2011 fondo: Via A.Severo 56 Progr:28795